[Event "Challenge"]
[Site "http://www.queenalice.com/game.php?id=1872727"]
[Date "2026.4.30"]
[Round "-"]
[White "JoseMessias"]
[Black "jogo"]
[Result "0-1"]
[WhiteElo "1536"]
[BlackElo "1414"]

1. e4 c5 2. d4 cxd4 3. Bc4 Nc6 4. Qf3 Ne5 5. Qb3 Nxc4 6. Qxc4 e5 7. Nf3 Be7 8.
h4 d6 9. Bg5 Nf6 10. c3 Be6 11. Qd3 O-O 12. Nbd2 Qb6 13. b3 dxc3 14. Qxc3 Rfc8
15. Qd3 Rc7 16. Bxf6 Bxf6 17. O-O Rac8 18. g3 Rc3 19. Qb1 d5 20. exd5 Bxd5 21.
Ng5 Rxg3+ 22. Kh2 Rg2+ 23. Kh3 Bxg5 24. hxg5 Qe6+ 25. Kh4 Qg4# 0-1

[Event "Challenge"]
[Site "http://www.queenalice.com/game.php?id=1872918"]
[Date "2026.5.4"]
[Round "-"]
[White "jogo"]
[Black "JoseMessias"]
[Result "1-0"]
[WhiteElo "1411"]
[BlackElo "1515"]

1. e4 e5 2. d4 d5 3. dxe5 d4 4. Nf3 c5 5. Bc4 a6 6. Ng5 Be6 7. Bxe6 fxe6 8. Nxe6
Qa5+ 9. Bd2 Qb6 10. Qg4 Be7 11. Nxg7+ Kd8 12. Ne6+ Ke8 13. Bc1 Nf6 14. exf6 Bxf6
15. Bf4 Qxb2 16. Nc7+ Ke7 17. Nxa8 Qxa1 18. O-O Qxa2 19. e5 Kf7 20. exf6 Rg8 21.
Qh5+ Kf8 22. Bh6+ Rg7 23. Bxg7+ Kg8 24. Qe8# 1-0

[Event "Challenge"]
[Site "http://www.queenalice.com/game.php?id=1872919"]
[Date "2026.5.4"]
[Round "-"]
[White "JoseMessias"]
[Black "jogo"]
[Result "0-1"]
[WhiteElo "1499"]
[BlackElo "1420"]

1. d4 Nf6 2. Bg5 Ne4 3. Be3 d5 4. f3 Nd6 5. Bg5 h6 6. Bf4 g5 7. Be5 f6 8. Bxd6
Qxd6 9. e3 Bg7 10. f4 gxf4 11. Qh5+ Kf8 12. Bb5 c6 13. Ba4 fxe3 14. Nc3 Qf4 15.
Qe2 Qxd4 16. Nf3 Qc5 17. a3 Bf5 18. Nh4 Bh7 19. g4 d4 20. Na2 Qa5+ 21. b4 Qxa4
22. Nc1 Be4 23. Rg1 Bxc2 24. Nd3 Bxd3 25. Qxd3 Kf7 26. Qc4+ e6 27. Qd3 Na6 28.
Ke2 Qb5 29. Qxb5 cxb5 30. Kd3 Rac8 31. Kxd4 f5+ 32. Kxe3 Bxa1 33. Rxa1 Rc3+ 34.
Kf4 Rh3 35. Nf3 Rc8 36. Ne5+ Kf6 0-1

[Event "Challenge"]
[Site "http://www.queenalice.com/game.php?id=1872927"]
[Date "2026.5.4"]
[Round "-"]
[White "jogo"]
[Black "JoseMessias"]
[Result "0-1"]
[WhiteElo "1406"]
[BlackElo "1516"]

1. e4 e5 2. Nf3 d5 3. exd5 Qxd5 4. Nc3 Qe6 5. b3 e4 6. Ng5 Qe5 7. d4 exd3+ 8.
Be3 Qxc3+ 9. Bd2 Qe5+ 10. Be3 Bb4+ 0-1

[Event "Challenge"]
[Site "http://www.queenalice.com/game.php?id=1872928"]
[Date "2026.5.4"]
[Round "-"]
[White "JoseMessias"]
[Black "jogo"]
[Result "0-1"]
[WhiteElo "1493"]
[BlackElo "1415"]

1. g3 e5 2. e4 Bc5 3. Bc4 Nf6 4. g4 Nxe4 5. Qf3 d5 6. Nh3 Nf6 7. Bb3 O-O 8. c4
Bxg4 9. Qg3 Qd7 10. Ng5 h6 11. h3 Bh5 12. d3 hxg5 13. Qxg5 Bg6 14. cxd5 Bxd3 15.
Qg3 Qf5 16. Be3 Bxb1 17. Bxc5 Qe4+ 18. Be3 Qxh1+ 19. Ke2 Bd3+ 20. Kxd3 Qxa1 21.
Bh6 Qf1+ 22. Kc3 Ne4+ 23. Kb4 Nxg3 24. Be3 Nf5 25. Bc5 Na6+ 26. Ka4 Nxc5+ 27.
Kb4 Nd3+ 28. Ka3 Qxf2 29. Bc4 Qxb2+ 30. Ka4 Qb4# 0-1

[Event "Challenge"]
[Site "http://www.queenalice.com/game.php?id=1872982"]
[Date "2026.5.6"]
[Round "-"]
[White "jogo"]
[Black "JoseMessias"]
[Result "1-0"]
[WhiteElo "1434"]
[BlackElo "1474"]

1. e4 d5 2. exd5 Qxd5 3. Nc3 Qe5+ 4. Qe2 f6 5. Qxe5 fxe5 6. Nf3 Bg4 7. Nxe5 Na6
8. Nxg4 h5 9. Ne5 g5 10. Bb5+ c6 11. Nxc6 Nc7 12. Nd4+ Nxb5 13. Ncxb5 e5 14. Ne6
Kd7 15. Nxf8+ Kc6 16. Ng6 Rh6 17. Nxe5+ Kxb5 18. d4 Re6 19. Bxg5 Rd8 20. Bxd8
Ka6 21. O-O-O b5 22. Nd3 Rd6 23. Nc5# 1-0

[Event "Challenge"]
[Site "http://www.queenalice.com/game.php?id=1872983"]
[Date "2026.5.6"]
[Round "-"]
[White "JoseMessias"]
[Black "jogo"]
[Result "1-0"]
[WhiteElo "1458"]
[BlackElo "1417"]

1. g3 d5 2. Bg2 e5 3. d4 e4 4. f3 exf3 5. Bxf3 Nf6 6. Bg5 c6 7. e3 Bf5 8. g4 Be4
9. Bxe4 dxe4 10. Nc3 Be7 11. Bxf6 Bxf6 12. Nxe4 Bh4+ 13. Ng3 Qd5 14. Nf3 O-O 15.
Qe2 Qe4 16. O-O-O Qxg4 17. Nxh4 Qxh4 18. Nf5 Qe4 19. Nd6 Qe7 20. Nf5 Qf6 21. e4
Qg5+ 22. Rd2 Re8 23. h4 Qf4 24. Rf1 Qxe4 25. Re1 Qxe2 26. Rdxe2 Rxe2 27. Rxe2
Nd7 28. Re7 Rd8 29. Nd6 Nf6 30. Rxb7 g6 31. Nxf7 Rd7 32. Nh6+ Kg7 33. Rxd7+ Nxd7
34. Ng4 Kf7 35. Ne5+ Nxe5 36. dxe5 Ke6 37. c4 Kxe5 38. a4 Kf4 39. b4 Ke4 40. Kc2
Kf4 41. c5 g5 42. hxg5 Kxg5 43. b5 cxb5 44. axb5 h5 45. c6 1-0

[Event "Challenge"]
[Site "http://www.queenalice.com/game.php?id=1873310"]
[Date "2026.5.13"]
[Round "-"]
[White "jogo"]
[Black "JoseMessias"]
[Result "1-0"]
[WhiteElo "1464"]
[BlackElo "1445"]

1. e4 e5 2. Nf3 d5 3. exd5 Qxd5 4. Nc3 Qe6 5. b3 e4 6. Bc4 Qe7 7. Nd5 Qc5 8. Ng5
h6 9. Nxe4 Qd4 10. Nec3 Be6 11. Nxc7+ Kd8 12. Bxe6 Kxc7 13. Nb5+ Kc6 14. Nxd4+
Kc5 15. Qh5+ g5 16. Qf3 fxe6 17. Nxe6+ Kd6 18. Nxf8 Nd7 19. Nxd7 Kxd7 20. Qxb7+
Ke6 21. Qxa8 Kf6 22. Bb2+ Kg6 23. Bxh8 1-0

[Event "Challenge"]
[Site "http://www.queenalice.com/game.php?id=1873311"]
[Date "2026.5.13"]
[Round "-"]
[White "JoseMessias"]
[Black "jogo"]
[Result "1-0"]
[WhiteElo "1442"]
[BlackElo "1433"]

1. e4 c5 2. d4 cxd4 3. Qxd4 Nc6 4. Qd3 Nf6 5. f4 e5 6. fxe5 Nxe5 7. Qd4 Nc6 8.
Qe3 b6 9. e5 Ng4 10. Qe4 Ngxe5 11. Bf4 f6 12. Bxe5 fxe5 13. Qf3 Rb8 14. Bb5 Nd4
15. Qh5+ Ke7 16. Qxe5+ Kf7 17. Qxd4 Bb7 18. Bc4+ d5 19. Bb3 Bc5 20. Qf4+ Kg8 21.
Nc3 g5 22. Qf5 Qe7+ 23. Nge2 Kg7 24. O-O-O Rhf8 25. Qg4 Rf2 26. Nxd5 Bxd5 27.
Rxd5 Be3+ 28. Kb1 Rd8 29. Rhd1 Rxd5 30. Bxd5 Qd8 31. Qe4 Rxe2 32. Qe5+ Qf6 33.
Qc7+ Kh8 34. Be4 Qg7 35. Rd8+ 1-0

[Event "Challenge"]
[Site "http://www.queenalice.com/game.php?id=1873318"]
[Date "2026.5.13"]
[Round "-"]
[White "jogo"]
[Black "JoseMessias"]
[Result "1-0"]
[WhiteElo "1447"]
[BlackElo "1462"]

1. e4 e5 2. Nf3 d5 3. exd5 Qxd5 4. Nc3 Qe6 5. Bc4 Qe7 6. O-O Bg4 7. Nd5 Qc5 8.
d3 b5 9. Be3 Bxf3 10. Qxf3 Qc6 11. Bxb5 Qxb5 12. Nxc7+ Kd8 13. Nxb5 Nc6 14. Qxc6
Rc8 15. Qd5+ Ke8 16. Qxe5+ Kd7 17. Qf5+ Kd8 18. Qxf7 Ne7 19. Nd6 Rc6 20. Qe8+
Kc7 21. Nf7 Rg8 22. Bf4+ Kb6 23. Be3+ Ka6 24. Qd7 Kb5 25. Qb7+ Ka5 26. Bd2+ Ka4
27. Qb4# 1-0

[Event "Challenge"]
[Site "http://www.queenalice.com/game.php?id=1873319"]
[Date "2026.5.13"]
[Round "-"]
[White "JoseMessias"]
[Black "jogo"]
[Result "0-1"]
[WhiteElo "1480"]
[BlackElo "1429"]

1. b3 d5 2. d4 c5 3. dxc5 Qa5+ 4. Bd2 Qxc5 5. a3 Nc6 6. b4 Qd6 7. g3 g6 8. Bf4
Qf6 9. c3 Bf5 10. Qxd5 e5 11. e4 Be6 12. Qd2 exf4 13. gxf4 Rd8 14. Bd3 Bc4 15.
e5 Qe6 16. Nf3 Rxd3 17. Ng5 Qd5 18. Qe2 Qxh1+ 19. Qf1 Rd1+ 20. Kxd1 Qxf1+ 21.
Kc2 Bd3+ 22. Kb3 Qd1+ 23. Ka2 Qc2# 0-1

[Event "Challenge"]
[Site "http://www.queenalice.com/game.php?id=1873501"]
[Date "2026.5.18"]
[Round "-"]
[White "jogo"]
[Black "JoseMessias"]
[Result "1-0"]
[WhiteElo "1371"]
[BlackElo "1462"]

1. e4 e5 2. Nf3 Nc6 3. Bc4 f6 4. c3 Na5 5. Nxe5 fxe5 6. Qh5+ g6 7. Qxe5+ Qe7 8.
Qxh8 Qxe4+ 9. Be2 Qxg2 10. Rf1 Qd5 11. Qxh7 Qg5 12. Qxg8 Qf6 13. d4 d6 14. Bh6
Be6 15. Qxf8+ Qxf8 16. Bxf8 Kxf8 17. Rg1 Bf5 18. Nd2 d5 19. O-O-O Re8 20. Rde1
a6 21. b3 b5 22. Bf3 c6 23. Rxe8+ Kxe8 24. h4 Kf8 25. h5 gxh5 26. Bxh5 Nb7 27.
Nf3 Nd6 28. Ne5 Ne4 29. Kb2 Bc8 30. Ng6+ Kf7 31. Ne5+ Kf6 32. Rg6+ Kf5 33. Bg4+
Kf4 34. Bxc8 a5 35. Rg4# 1-0

[Event "Challenge"]
[Site "http://www.queenalice.com/game.php?id=1873502"]
[Date "2026.5.18"]
[Round "-"]
[White "JoseMessias"]
[Black "jogo"]
[Result "0-1"]
[WhiteElo "1442"]
[BlackElo "1358"]

1. e4 c5 2. Bc4 e6 3. Nf3 d5 4. exd5 exd5 5. Bb5+ Bd7 6. Qe2+ Qe7 7. Bxd7+ Nxd7
8. Qxe7+ Bxe7 9. O-O f6 10. d4 cxd4 11. Nxd4 Bc5 12. Ne6 Kf7 13. Nc7 Rc8 14.
Nxd5 Ne7 15. Rd1 Nxd5 16. Rxd5 Rhd8 17. c3 Ke6 18. Rd3 Ne5 19. Rd2 Rxd2 20. Bxd2
Ng4 21. Be1 Rd8 22. Nd2 a5 23. b4 axb4 24. Ne4 Be7 25. cxb4 Ne5 26. f4 Nd3 27.
Bd2 Rd4 28. Nc5+ Nxc5 29. bxc5 Rxd2 30. a4 Bxc5+ 31. Kf1 Rf2+ 32. Ke1 Rxg2 33.
Rd1 Rg1+ 34. Ke2 Rxd1 35. Kxd1 Kf5 36. Ke1 Kxf4 37. Kf1 Kf3 38. a5 g5 39. Ke1
Kg2 40. h4 gxh4 41. Ke2 h3 42. Kd3 h2 0-1

[Event "Challenge"]
[Site "http://www.queenalice.com/game.php?id=1873590"]
[Date "2026.5.20"]
[Round "-"]
[White "jogo"]
[Black "JoseMessias"]
[Result "1-0"]
[WhiteElo "1318"]
[BlackElo "1423"]

1. e4 e5 2. Nf3 Bc5 3. Nxe5 f6 4. Qh5+ g6 5. Nxg6 hxg6 6. Qxh8 Kf8 7. Bc4 d5 8.
Bxd5 Ke7 9. Bxg8 Be6 10. Qg7+ Kd6 11. Bxe6 Kxe6 12. Qxg6 Nd7 13. Qf5+ Ke7 14. c3
Ne5 15. Qh7+ Nf7 16. f3 Qd7 17. c4 Rh8 18. Qf5 Qxf5 19. exf5 Rh4 20. b3 Rf4 21.
Bb2 Rxf5 22. d4 Bb4+ 23. Bc3 Bxc3+ 24. Nxc3 Rf4 25. Nd5+ Kd6 26. Nxf4 c5 27.
O-O-O cxd4 28. Rxd4+ Kc5 29. Rd7 Nd6 30. Ne6+ Kc6 31. Rc7+ Kb6 32. c5+ Ka6 33.
cxd6 1-0

[Event "Challenge"]
[Site "http://www.queenalice.com/game.php?id=1873591"]
[Date "2026.5.20"]
[Round "-"]
[White "JoseMessias"]
[Black "jogo"]
[Result "1-0"]
[WhiteElo "1398"]
[BlackElo "1330"]

1. e4 c5 2. Bc4 e6 3. d4 cxd4 4. Qxd4 Nc6 5. Qd3 Ne5 6. Qd4 Nxc4 7. Qxc4 d5 8.
exd5 exd5 9. Qe2+ Qe7 10. Bg5 Qxe2+ 11. Nxe2 h6 12. Be3 Bd6 13. Bd4 f6 14. Nec3
Ne7 15. O-O a6 16. Re1 Kf7 17. Nd2 Bf5 18. Rac1 b5 19. Nf3 b4 20. Na4 Nc6 21.
Nb6 Rab8 22. Nh4 Nxd4 23. Nxd5 Bxc2 24. Nf3 Nxf3+ 25. gxf3 Bf5 26. Rc6 Be5 27.
f4 Bxb2 28. h4 Bd3 29. Re3 Bb5 30. Rc7+ Kg6 31. Rg3+ Kh5 32. Rcxg7 Rbc8 33. Kh2
Rc2 34. Rf3 Bc6 35. Rd3 Rxf2+ 36. Kg3 Rf1 37. Kg2 Rxf4 38. Kg3 Rxh4 39. Nf4+
Rxf4 40. Kxf4 Be5+ 41. Kf5 1-0

[Event "Challenge"]
[Site "http://www.queenalice.com/game.php?id=1873866"]
[Date "2026.5.23"]
[Round "-"]
[White "jogo"]
[Black "JoseMessias"]
[Result "1-0"]
[WhiteElo "1327"]
[BlackElo "1411"]

1. e4 e5 2. Nf3 Nc6 3. Nc3 Nf6 4. a3 Nd4 5. Nxe5 d6 6. Nf3 c5 7. Bc4 b5 8. Nxb5
Nxb5 9. Bxb5+ Bd7 10. Bxd7+ Qxd7 11. O-O Be7 12. Re1 O-O 13. h3 d5 14. e5 Ne4
15. d3 Ng5 16. Nxg5 Bxg5 17. Bxg5 h6 18. Bh4 g5 19. Bg3 f5 20. e6 Qe7 21. Qh5 f4
22. Qg6+ Qg7 23. Qxg7+ Kxg7 24. Bh2 Rab8 25. b3 Rfe8 26. g3 f3 27. g4 Rbc8 28.
Be5+ Kf8 29. Bd6+ Kg8 30. e7 Rc6 31. Re6 Kf7 32. Rae1 Rb6 33. Rxh6 Kg7 34. Ree6
c4 35. Reg6+ Kf7 36. Rxg5 cxd3 37. cxd3 Rxb3 38. Rf5+ Kg7 39. g5 Rxd3 40. Be5+
Kg8 41. Rh8# 1-0

[Event "Challenge"]
[Site "http://www.queenalice.com/game.php?id=1873867"]
[Date "2026.5.23"]
[Round "-"]
[White "JoseMessias"]
[Black "jogo"]
[Result "1-0"]
[WhiteElo "1374"]
[BlackElo "1358"]

1. e4 c5 2. Bc4 e6 3. d4 cxd4 4. Qxd4 Nc6 5. Qd3 Ne5 6. Qd4 Nxc4 7. Qxc4 Nf6 8.
Bg5 Be7 9. Bf4 Qa5+ 10. c3 d5 11. exd5 Nxd5 12. b4 Qd8 13. Nf3 Nxf4 14. Qxf4 1-0

[Event "Challenge"]
[Site "http://www.queenalice.com/game.php?id=1873875"]
[Date "2026.5.24"]
[Round "-"]
[White "jogo"]
[Black "JoseMessias"]
[Result "0-1"]
[WhiteElo "1337"]
[BlackElo "1389"]

1. e4 e5 2. Nf3 d5 3. exd5 Qxd5 4. Nc3 Qe6 5. b3 e4 6. Ng5 Qf5 7. Ncxe4 Be7 8.
g4 Qe5 9. d4 Bb4+ 10. Bd2 Bxd2+ 11. Qxd2 Qe7 12. O-O-O Bxg4 13. f3 h6 14. fxg4
hxg5 15. Nxg5 Kd8 16. Bc4 f6 17. Rhe1 fxg5 18. Rxe7 Nxe7 19. Qxg5 Nd7 20. Re1
Re8 0-1

[Event "Challenge"]
[Site "http://www.queenalice.com/game.php?id=1873876"]
[Date "2026.5.24"]
[Round "-"]
[White "JoseMessias"]
[Black "jogo"]
[Result "0-1"]
[WhiteElo "1392"]
[BlackElo "1340"]

1. g3 d5 2. Bg2 e5 3. e4 dxe4 4. Bxe4 Nf6 5. d3 Nxe4 6. dxe4 Qxd1+ 7. Kxd1 Bc5
8. f4 exf4 9. Bxf4 Bg4+ 10. Ne2 Na6 11. h3 O-O-O+ 12. Nd2 Bf3 13. Rf1 Bg2 14.
Bxc7 Nxc7 15. Rxf7 Be3 16. Nf4 Rxd2+ 17. Ke1 Bxe4 18. Re7 Re8 19. Rxg7 Ne6 20.
Nxe6 Rxe6 21. c4 Rh2 22. Rg8+ Kc7 23. Rd1 Rh1+ 24. Ke2 Rxd1 25. Kxd1 Rd6+ 26.
Ke2 Bh6 27. Re8 Bd3+ 28. Kf2 Bxc4 29. Re7+ Kc6 30. b3 Rf6+ 31. Kg2 Bd5+ 32. Kh2
Rf2+ 33. Kg1 Rg2+ 34. Kf1 Rxg3 35. h4 Rf3+ 36. Ke2 Rh3 37. Rxh7 Rxh4 38. Kf2
Be3+ 39. Kxe3 Rxh7 0-1

[Event "Challenge"]
[Site "http://www.queenalice.com/game.php?id=1873908"]
[Date "2026.5.25"]
[Round "-"]
[White "jogo"]
[Black "JoseMessias"]
[Result "0-1"]
[WhiteElo "1323"]
[BlackElo "1403"]

1. e4 b6 2. d4 Bb7 3. Nc3 d5 4. exd5 Bxd5 5. Nxd5 Qxd5 6. Nf3 Qe4+ 7. Be3 f5 8.
Bd3 Qe6 9. Ng5 Qf6 10. Qf3 h6 11. Qxa8 hxg5 0-1

[Event "Challenge"]
[Site "http://www.queenalice.com/game.php?id=1873909"]
[Date "2026.5.25"]
[Round "-"]
[White "JoseMessias"]
[Black "jogo"]
[Result "1-0"]
[WhiteElo "1395"]
[BlackElo "1317"]

1. b3 d5 2. Bb2 c5 3. d4 cxd4 4. Qxd4 Nf6 5. Qa4+ Bd7 6. Qd4 Nc6 7. Qd2 e6 8. c4
Ne4 9. Qd3 Nb4 10. Qf3 Bc5 11. e3 Qa5 12. Kd1 f6 13. Nc3 Ng5 14. Qh5+ g6 15. Qe2
O-O-O 16. Na4 Be7 17. Bc3 dxc4 18. Qxc4+ Bc6+ 19. Bd2 Ne4 20. Nf3 Nxf2+ 21. Ke2
Nxh1 22. Qxe6+ Rd7 23. Nd4 Qh5+ 24. Ke1 Bd5 25. Qh3 Qxh3 26. gxh3 Kb8 27. Bb5
Rc7 28. Ke2 a6 29. Nb6 axb5 30. Bxb4 Bxb4 31. Nxd5 Bd6 32. Nxc7 Bxc7 33. Rxh1 b4
34. Nc2 Rc8 35. Nxb4 Ba5 36. Nd5 Rc2+ 37. Kd3 Rd2+ 38. Ke4 f5+ 39. Ke5 Rxa2 40.
b4 Bd8 41. Rd1 Rxh2 42. Nf4 Bc7+ 43. Kf6 Bxf4 44. exf4 Rxh3 45. b5 Rg3 46. b6
Rc3 47. Kg5 Kc8 48. Kh6 Rh3+ 49. Kg5 Rh5+ 50. Kf6 Rh4 51. Rc1+ Kb8 52. Rc7 Rxf4
53. Rxh7 1-0

[Event "Challenge"]
[Site "http://www.queenalice.com/game.php?id=1874008"]
[Date "2026.5.29"]
[Round "-"]
[White "JoseMessias"]
[Black "jogo"]
[Result "0-1"]
[WhiteElo "1416"]
[BlackElo "1298"]

1. e4 c5 2. d4 cxd4 3. Qxd4 Nc6 4. Qd3 d6 5. Qb3 Nf6 6. f3 Nd4 7. Qa4+ Nc6 8.
Bb5 Bd7 9. Ne2 Qa5+ 10. Qxa5 Nxa5 11. Bxd7+ Nxd7 12. Bd2 Nc4 13. b3 Nxd2 14.
Nxd2 g6 15. O-O Bg7 16. Rad1 O-O 17. Nf4 Bd4+ 18. Kh1 Be5 19. Nd5 e6 20. Ne7+
Kh8 21. f4 Bf6 22. e5 Bxe7 23. Ne4 d5 24. Nd6 Bxd6 25. exd6 Nb6 26. a4 Rad8 27.
a5 Nc8 28. c4 Rxd6 29. g4 dxc4 30. Rxd6 Nxd6 31. bxc4 Nxc4 32. Ra1 Rd8 33. a6 b6
34. Ra4 Rd4 35. f5 Rxg4 36. h3 Re4 37. Kh2 exf5 38. Kg3 g5 39. Kf3 Ne5+ 40. Kg3
Rxa4 0-1